|
|
|
|
| LEADER |
00000nam a2200000 4500 |
| 001 |
vtls011916482 |
| 003 |
SK-MaSNL |
| 005 |
20260301225326.0 |
| 008 |
251112s1720 gw f 000 0 lat |
| 015 |
|
|
|a SNBHFA1720
|
| 040 |
|
|
|a SNKHF
|b slo
|c SNKHF
|e rda
|
| 041 |
0 |
|
|a lat
|
| 044 |
|
|
|a gw
|c DE
|
| 072 |
|
7 |
|a 61
|x Lekárske vedy. Medicína
|2 konspekt
|
| 080 |
|
|
|a 61
|2 2011
|
| 080 |
|
|
|a 612.313
|2 2011
|
| 080 |
|
|
|a 613
|2 2011
|
| 100 |
1 |
|
|a Vater, Abraham,
|d 1684-1751
|4 aut
|9 350641
|
| 245 |
1 |
0 |
|a Novum Ductum Salivalem Evmqve Praecipvvm
|b In Lingva Excretorivm Glandvlae Insignis Ad Latera Lingvae Et Svb Eadem Sitae, Itemque Svper Radicem Lingvae, Epiglottidem, Circa Glottidem Svper Arytaenoideas, Vsqve Intra Oesophagum Expansae Nunc demum iniectione detectae Luci Exponit Et Demonstrat Simulque Exersitia Anatomica Sequenti Hyeme In Theatro Anatomico
|c Suscipienda Inimat Abrahamus Vater Phil. & Med. Doct. huiusque Prof. Publ. Anatom. & Botan. Substitutus & Natur. Cur. Colleg
|
| 264 |
|
3 |
|a Wittenbergae
|b Ex Officina Gerdesiana
|c MDCCXX (1720)
|
| 300 |
|
|
|a 8 nečíslovaných listov, 1 veľkoformátový obrázok
|c 4°
|
| 336 |
|
|
|a text
|b txt
|2 rdacontent
|
| 336 |
|
|
|a statický obraz
|b sti
|2 rdacontent
|
| 337 |
|
|
|a bez média
|b n
|2 rdamedia
|
| 338 |
|
|
|a zväzok
|b nc
|2 rdacarrier
|
| 500 |
|
|
|a Linky, iniciálka s ornamentálnym pozadím vo voľnom priestore na 7 riadkov, medirytinový obraz k tematike diela, kustody
|
| 501 |
|
|
|a Príväzok 43. k: FRANCK, Georg. Medicinam Firmis Certisqve Fvndamentis Innixam. Kiliae: Litteris Joh. Christoph. Reutheri, 1722.
|5 SNK ID 101207
|
| 510 |
4 |
|
|a VD 18
|c 10384103
|
| 546 |
|
|
|a Latinčina
|b Antikva
|b Kurzíva
|
| 561 |
|
|
|a Z knižnice Učenej spoločnosti malohontskej.
|5 SNK ID 101207/prív.43
|
| 650 |
0 |
7 |
|a medicína
|2 SNKPH
|9 899
|
| 650 |
0 |
7 |
|a zdravie
|2 SNKPH
|9 16322
|
| 650 |
0 |
7 |
|a gastroenterológia
|2 SNKPH
|9 1164
|
| 700 |
1 |
|
|a Gerdes, Christian,
|c vdova,
|d 17.-18. storočie
|4 prt
|9 187121
|
| 710 |
2 |
|
|a Učená spoločnosť malohontská
|4 fmo
|9 205374
|
| 710 |
0 |
|
|a Gerdes, Christian - vdova (Wittenberg, Nemecko)
|4 prt
|9 205388
|
| 752 |
|
|
|a Nemecko
|d Wittenberg
|
| 852 |
|
|
|a snk
|b Historické fondy
|p ID 101207/prív.43
|
| 958 |
|
|
|a DD
|
| 958 |
|
|
|a MI
|
| 999 |
|
|
|c 950488
|d 952418
|
| 952 |
|
|
|t LXXII. / MHC 1330
|a SNK
|b SNK
|c SNK_HF
|y PREZ
|7 0
|p 17A1303298
|o snkID 101207/prív.43
|i snk2020/1784
|8 5
|z 43. príväzok
|0 0
|1 0
|4 0
|d 2020-02-10
|l 0
|r 2026-02-24 09:46:48
|w 2026-02-24
|